[Event "106th British-ch 2019"]
[Site "Torquay"]
[Date "2019.08.02"]
[Round "7.10"]
[White "Toma, Katarzyna"]
[Black "Eggleston, David J"]
[Result "0-1"]
[WhiteElo "2229"]
[BlackElo "2399"]
[Annotator "NA"]
[PlyCount "78"]
[EventDate "2019.07.27"]
[EventType "swiss"]
[EventCountry "GBR"]
[SourceTitle "playchess.com"]
[Source "ChessBase"]
[SourceQuality "1"]
[TimeControl "40/5400+30:1800+30"]

1. e4 {[%emt 0:02:16]} e6 {[%emt 0:03:14]} 2. d4 {[%emt 0:00:04]} d5 {[%emt 0:00:05]} 3. Nc3 {[%emt 0:00:07]} Nf6 {[%emt 0:00:18]} 4. e5 {[%emt 0:00:16]} Nfd7 {[%emt 0:00:06]} 5. Nce2 {[%emt 0:00:07]} c5 {[%emt 0:00:11]} 6. c3 {[%emt 0:00:05]} cxd4 {[%emt 0:00:05]} 7. cxd4 {[%emt 0:00:23]} f6 {[%emt 0:00:11]} 8. Nf4 {[%emt 0:12:28]} Bb4+ {[%emt 0:00:28]} 9. Bd2 {[%emt 0:00:04]} Bxd2+ {[%emt 0:00:05]} 10. Qxd2 {[%emt 0:00:04]} Qe7 {[%emt 0:00:12]} 11. Nf3 {[%emt 0:00:08]} fxe5 {[%emt 0:02:04]} 12. dxe5 {[%emt 0:00:05]} Nc6 {[%emt 0:03:04]} 13. Nd3 {[%emt 0:00:08]} O-O {[%emt 0:03:45]} 14. Be2 {[%emt 0:00:28]} b6 {[%emt 0:09:08]} 15. O-O {[%emt 0:07:39]} Bb7 {[%emt 0:01:26]} 16. b4 {[%emt 0:05:05]} Ba6 {[%emt 0:05:34]} 17. Rac1 {[%emt 0:05:29]} Rac8 {[%emt 0:05:26]} 18. Rfe1 {[%emt 0:04:27]} Bxd3 {[%emt 0:05:36]} 19. Bxd3 {[%emt 0:00:05]} Nxb4 {[%emt 0:16:09]} 20. Bb1 {[%emt 0:00:17]} Nc6 {[%emt 0:03:44]} 21. Rc3 {[%emt 0:00:14]} g6 {[%emt 0:02:30]} 22. Ng5 {[%emt 0:20:22]} Ncxe5 {[%emt 0:06:33]} 23. Rh3 {[%emt 0:00:15]} h5 {[%emt 0:20:58]} 24. f4 {[%emt 0:03:03]} Qc5+ {[%emt 0:01:36]} 25. Kh1 {[%emt 0:00:35]} Ng4 {[%emt 0:00:17]} 26. Rf3 {[%emt 0:00:06]} Rf6 {[%emt 0:01:58]} 27. h3 {[%emt 0:02:24]} Nh6 {[%emt 0:00:02]} 28. Nxe6 {[%emt 0:00:21]} Qa5 {[%emt 0:02:35]} 29. Qe3 {[%emt 0:09:28]} Re8 {[%emt 0:01:35]} 30. f5 {[%emt 0:00:25]} d4 {[%emt 0:00:09]} 31. Qc1 {[%emt 0:07:42]} Nxf5 {[%emt 0:00:35]} 32. Ref1 {[%emt 0:07:45]} Rexe6 {[%emt 0:00:11]} 33. Bxf5 {[%emt 0:00:06]} gxf5 {[%emt 0:00:27]} 34. Rg3+ {[%emt 0:07:31]} Rg6 {[%emt 0:01:51]} 35. Qc4 {[%emt 0:00:12]} Kh7 {[%emt 0:01:41]} 36. Rxg6 {[%emt 0:06:10]} Rxg6 {[%emt 0:00:01]} 37. Qf7+ {[%emt 0:00:08]} Rg7 {[%emt 0:00:06]} 38. Qxh5+ {[%emt 0:00:04]} Kg8 {[%emt 0:00:07]} 39. Rxf5 {[%emt 0:01:26]} Qe1+ {[%emt 0:00:05]} 0-1

[Event "106th British-ch 2019"]
[Site "Torquay"]
[Date "2019.08.02"]
[Round "7.11"]
[White "Pigott, John C"]
[Black "Rudd, Jack"]
[Result "0-1"]
[WhiteElo "2384"]
[BlackElo "2275"]
[Annotator "NA"]
[PlyCount "98"]
[EventDate "2019.07.27"]
[EventType "swiss"]
[EventCountry "GBR"]
[SourceTitle "playchess.com"]
[Source "ChessBase"]
[SourceQuality "1"]
[TimeControl "40/5400+30:1800+30"]

1. c4 {[%emt 0:00:00]} Nf6 {[%emt 0:00:00]} 2. g3 {[%emt 0:03:57]} g6 {[%emt 0:00:00]} 3. Bg2 {[%emt 0:00:18]} Bg7 {[%emt 0:00:00]} 4. Nc3 {[%emt 0:00:39]} O-O {[%emt 0:00:09]} 5. d4 {[%emt 0:00:12]} d6 {[%emt 0:00:09]} 6. Nf3 {[%emt 0:00:15]} Nc6 {[%emt 0:00:08]} 7. O-O {[%emt 0:00:11]} a6 {[%emt 0:00:04]} 8. b3 {[%emt 0:01:24]} Rb8 {[%emt 0:00:48]} 9. d5 {[%emt 0:01:56]} Na5 {[%emt 0:00:12]} 10. Bg5 {[%emt 0:00:15]} c5 {[%emt 0:01:32]} 11. dxc6 {[%emt 0:00:10]} bxc6 {[%emt 0:01:07]} 12. c5 {[%emt 0:04:07]} d5 {[%emt 0:03:29]} 13. Bf4 {[%emt 0:09:36]} Rb7 {[%emt 0:01:44]} 14. Be5 {[%emt 0:03:46]} Re8 {[%emt 0:04:29]} 15. Qd4 {[%emt 0:16:59]} Nh5 {[%emt 0:05:43]} 16. Bxg7 {[%emt 0:22:24]} Nxg7 {[%emt 0:00:09]} 17. e4 {[%emt 0:00:35]} Ne6 {[%emt 0:05:37]} 18. Qd1 {[%emt 0:01:47]} d4 {[%emt 0:03:01]} 19. Na4 {[%emt 0:00:33]} Rb5 {[%emt 0:02:02]} 20. Rc1 {[%emt 0:02:44]} Qd7 {[%emt 0:02:46]} 21. Ne5 {[%emt 0:04:42]} Qc7 {[%emt 0:00:32]} 22. Nd3 {[%emt 0:00:25]} Rd8 {[%emt 0:02:45]} 23. Qd2 {[%emt 0:01:36]} Nb7 {[%emt 0:03:46]} 24. Rfd1 {[%emt 0:01:51]} f6 {[%emt 0:02:41]} 25. f4 {[%emt 0:01:26]} Ng7 {[%emt 0:00:27]} 26. e5 {[%emt 0:02:25]} Nf5 {[%emt 0:00:26]} 27. Re1 {[%emt 0:02:15]} Ne3 {[%emt 0:01:08]} 28. Bf3 {[%emt 0:00:41]} Bf5 {[%emt 0:01:39]} 29. exf6 {[%emt 0:01:30]} exf6 {[%emt 0:00:10]} 30. Nb4 {[%emt 0:02:11]} Na5 {[%emt 0:03:49]} 31. Nxa6 {[%emt 0:01:43]} Qc8 {[%emt 0:02:00]} 32. Nb6 {[%emt 0:00:43]} Qxa6 {[%emt 0:00:45]} 33. Rxe3 {[%emt 0:00:37]} Rxc5 {[%emt 0:01:02]} 34. Rxc5 {[%emt 0:09:26]} Qxb6 {[%emt 0:00:09]} 35. Qxa5 {[%emt 0:01:00]} Qxa5 {[%emt 0:00:08]} 36. Rxa5 {[%emt 0:01:02]} dxe3 37. Rc5 {[%emt 0:01:26]} Be4 {[%emt 0:00:46]} 38. Be2 {[%emt 0:00:32]} Rd2 {[%emt 0:00:13]} 39. Kf1 {[%emt 0:00:30]} Rxa2 {[%emt 0:00:10]} 40. Rc1 {[%emt 0:00:14]} Rb2 {[%emt 0:00:20]} 41. Bc4+ {[%emt 0:02:54]} Bd5 {[%emt 0:03:14]} 42. Rc3 {[%emt 0:03:15]} Rxh2 {[%emt 0:01:01]} 43. Bxd5+ {[%emt 0:02:19]} cxd5 {[%emt 0:00:08]} 44. Rxe3 {[%emt 0:00:04]} Kf7 {[%emt 0:00:08]} 45. Ke1 {[%emt 0:04:22]} h5 {[%emt 0:01:12]} 46. Kd1 {[%emt 0:01:33]} h4 {[%emt 0:02:16]} 47. gxh4 {[%emt 0:02:07]} Rxh4 {[%emt 0:00:11]} 48. f5 {[%emt 0:00:30]} Rd4+ {[%emt 0:01:09]} 49. Kc2 {[%emt 0:01:24]} g5 {[%emt 0:00:37]} 0-1

[Event "106th British-ch 2019"]
[Site "Torquay"]
[Date "2019.08.02"]
[Round "7.12"]
[White "Bates, Richard A"]
[Black "Storey, Charles H"]
[Result "1/2-1/2"]
[WhiteElo "2352"]
[BlackElo "2261"]
[Annotator "NA"]
[PlyCount "57"]
[EventDate "2019.07.27"]
[EventType "swiss"]
[EventCountry "GBR"]
[SourceTitle "playchess.com"]
[Source "ChessBase"]
[SourceQuality "1"]
[TimeControl "40/5400+30:1800+30"]

1. d4 {[%emt 0:02:12]} g6 {[%emt 0:00:00]} 2. Nf3 {[%emt 0:00:33]} Bg7 {[%emt 0:00:00]} 3. g3 {[%emt 0:00:30]} c5 {[%emt 0:00:00]} 4. d5 {[%emt 0:01:43]} b5 {[%emt 0:00:42]} 5. e4 {[%emt 0:01:52]} Nf6 {[%emt 0:04:42]} 6. e5 {[%emt 0:12:29]} Ng4 {[%emt 0:04:47]} 7. Qe2 {[%emt 0:05:43]} b4 {[%emt 0:02:44]} 8. c4 {[%emt 0:07:43]} O-O {[%emt 0:07:45]} 9. h3 {[%emt 0:06:34]} Nh6 {[%emt 0:00:09]} 10. Bg2 {[%emt 0:01:09]} d6 {[%emt 0:00:30]} 11. O-O {[%emt 0:05:01]} Nf5 {[%emt 0:02:01]} 12. Bf4 {[%emt 0:06:19]} Nd7 {[%emt 0:16:08]} 13. exd6 {[%emt 0:15:47]} Nxd6 {[%emt 0:05:38]} 14. a3 {[%emt 0:02:57]} Rb8 {[%emt 0:05:04]} 15. axb4 {[%emt 0:00:52]} Rxb4 {[%emt 0:00:15]} 16. Rxa7 {[%emt 0:04:20]} Nxc4 {[%emt 0:04:47]} 17. b3 {[%emt 0:04:10]} Qb6 {[%emt 0:02:21]} 18. Ra4 {[%emt 0:05:42]} Rxb3 {[%emt 0:02:16]} 19. Rxc4 {[%emt 0:00:19]} Rxb1 {[%emt 0:01:09]} 20. Rxb1 {[%emt 0:00:19]} Qxb1+ {[%emt 0:00:07]} 21. Rc1 {[%emt 0:00:09]} Qb3 {[%emt 0:06:41]} 22. Qxe7 {[%emt 0:03:04]} Qxd5 {[%emt 0:15:50]} 23. Ne5 {[%emt 0:00:57]} Qd4 {[%emt 0:01:57]} 24. Nxd7 {[%emt 0:03:56]} Qxd7 {[%emt 0:01:54]} 25. Qxd7 {[%emt 0:01:00]} Bxd7 {[%emt 0:00:22]} 26. Rxc5 {[%emt 0:00:09]} Re8 {[%emt 0:00:55]} 27. Be3 {[%emt 0:02:13]} Be5 {[%emt 0:00:27]} 28. Kh2 {[%emt 0:00:32]} h5 {[%emt 0:00:20]} 29. h4 {[%emt 0:00:36]} 1/2-1/2

[Event "106th British-ch 2019"]
[Site "Torquay"]
[Date "2019.08.02"]
[Round "7.13"]
[White "Smith, Andrew Philip"]
[Black "Willow, Jonah B"]
[Result "0-1"]
[WhiteElo "2147"]
[BlackElo "2343"]
[Annotator "NA"]
[PlyCount "62"]
[EventDate "2019.07.27"]
[EventType "swiss"]
[EventCountry "GBR"]
[SourceTitle "playchess.com"]
[Source "ChessBase"]
[SourceQuality "1"]
[TimeControl "40/5400+30:1800+30"]

1. e4 {[%emt 0:05:04]} e6 {[%emt 0:00:00]} 2. d4 {[%emt 0:02:27]} d5 {[%emt 0:00:00]} 3. e5 {[%emt 0:02:44]} c5 {[%emt 0:00:00]} 4. Nf3 {[%emt 0:01:37]} Nc6 {[%emt 0:01:07]} 5. Bd3 {[%emt 0:00:39]} cxd4 {[%emt 0:02:02]} 6. O-O {[%emt 0:00:13]} Nge7 {[%emt 0:04:01]} 7. Bf4 {[%emt 0:02:03]} Ng6 {[%emt 0:00:37]} 8. Bg3 {[%emt 0:00:17]} Be7 {[%emt 0:05:58]} 9. Re1 {[%emt 0:07:59]} Bd7 {[%emt 0:01:19]} 10. Nbd2 {[%emt 0:02:23]} Nb4 {[%emt 0:11:12]} 11. Bf1 {[%emt 0:15:02]} d3 {[%emt 0:11:00]} 12. cxd3 {[%emt 0:00:56]} Rc8 {[%emt 0:00:32]} 13. Rc1 {[%emt 0:25:39]} Rxc1 {[%emt 0:08:09]} 14. Qxc1 {[%emt 0:00:06]} Bb5 {[%emt 0:08:43]} 15. a3 {[%emt 0:05:47]} Nc6 {[%emt 0:03:00]} 16. d4 {[%emt 0:04:41]} Bxf1 {[%emt 0:03:45]} 17. Nxf1 {[%emt 0:00:18]} O-O {[%emt 0:03:29]} 18. Qd2 {[%emt 0:11:50]} Qb6 {[%emt 0:02:10]} 19. h4 {[%emt 0:00:47]} h5 {[%emt 0:02:13]} 20. Rd1 {[%emt 0:04:27]} Na5 {[%emt 0:17:34]} 21. Ne3 {[%emt 0:00:15]} Rc8 {[%emt 0:01:30]} 22. Kh2 {[%emt 0:01:07]} Qd8 {[%emt 0:00:28]} 23. Kh3 {[%emt 0:00:15]} Nc4 {[%emt 0:03:04]} 24. Nxc4 {[%emt 0:00:13]} Rxc4 {[%emt 0:00:02]} 25. Qd3 {[%emt 0:01:17]} Qb6 {[%emt 0:01:17]} 26. Rd2 {[%emt 0:00:26]} Rc1 {[%emt 0:00:19]} 27. Rc2 {[%emt 0:01:02]} Rh1+ {[%emt 0:00:57]} 28. Nh2 {[%emt 0:00:50]} Bxh4 {[%emt 0:04:38]} 29. Rc8+ {[%emt 0:00:15]} Bd8 {[%emt 0:00:01]} 30. Qe3 {[%emt 0:01:03]} Nf8 {[%emt 0:01:34]} 31. Qf4 {[%emt 0:00:34]} g5 {[%emt 0:00:15]} 0-1

[Event "106th British-ch 2019"]
[Site "Torquay"]
[Date "2019.08.02"]
[Round "7.15"]
[White "Pein, Malcolm"]
[Black "Holland, Chris Kd"]
[Result "1-0"]
[WhiteElo "2312"]
[BlackElo "2143"]
[Annotator "NA"]
[PlyCount "51"]
[EventDate "2019.07.27"]
[EventType "swiss"]
[EventCountry "GBR"]
[SourceTitle "playchess.com"]
[Source "ChessBase"]
[SourceQuality "1"]
[TimeControl "40/5400+30:1800+30"]

1. d4 {[%emt 0:00:00]} Nf6 {[%emt 0:00:35]} 2. c4 {[%emt 0:00:00]} g6 {[%emt 0:00:21]} 3. Nf3 {[%emt 0:00:07]} Bg7 {[%emt 0:00:05]} 4. g3 {[%emt 0:00:28]} O-O {[%emt 0:00:18]} 5. Bg2 {[%emt 0:00:07]} d6 {[%emt 0:00:11]} 6. O-O {[%emt 0:00:33]} c6 {[%emt 0:10:18]} 7. Nc3 {[%emt 0:00:16]} Qa5 {[%emt 0:00:37]} 8. e4 {[%emt 0:02:29]} e5 {[%emt 0:09:59]} 9. h3 {[%emt 0:00:58]} Nbd7 {[%emt 0:03:19]} 10. Re1 {[%emt 0:00:15]} Qb4 {[%emt 0:07:09]} 11. Bf1 {[%emt 0:06:36]} exd4 {[%emt 0:06:39]} 12. Nxd4 {[%emt 0:00:09]} Qb6 {[%emt 0:02:03]} 13. Be3 {[%emt 0:13:37]} Qc7 {[%emt 0:06:48]} 14. Bg2 {[%emt 0:06:44]} Re8 {[%emt 0:02:19]} 15. Qc2 {[%emt 0:08:54]} Nc5 {[%emt 0:07:24]} 16. Rad1 {[%emt 0:02:47]} Be6 {[%emt 0:04:39]} 17. b4 {[%emt 0:10:26]} Ncd7 18. Nxe6 {[%emt 0:06:43]} Rxe6 {[%emt 0:05:01]} 19. f4 {[%emt 0:00:00]} Rae8 20. Bf2 {[%emt 0:01:31]} Nb6 {[%emt 0:05:37]} 21. c5 {[%emt 0:00:00]} dxc5 {[%emt 0:00:00]} 22. bxc5 {[%emt 0:00:00]} Nc8 {[%emt 0:01:46]} 23. e5 {[%emt 0:00:00]} Nd7 {[%emt 0:00:29]} 24. Ne4 {[%emt 0:00:00]} R6e7 {[%emt 0:10:00]} 25. g4 {[%emt 0:04:53]} Nf8 {[%emt 0:03:04]} 26. Nd6 {[%emt 0:07:02]} 1-0

[Event "106th British-ch 2019"]
[Site "Torquay"]
[Date "2019.08.02"]
[Round "7.16"]
[White "Claridge-Hansen, William"]
[Black "Crickmore, Neil Eg"]
[Result "1/2-1/2"]
[WhiteElo "2297"]
[BlackElo "2187"]
[Annotator "NA"]
[PlyCount "58"]
[EventDate "2019.07.27"]
[EventType "swiss"]
[EventCountry "GBR"]
[SourceTitle "playchess.com"]
[Source "ChessBase"]
[SourceQuality "1"]
[TimeControl "40/5400+30:1800+30"]

1. c4 {[%emt 0:00:00]} c5 {[%emt 0:00:30]} 2. g3 {[%emt 0:00:00]} Nc6 {[%emt 0:00:15]} 3. Bg2 {[%emt 0:00:15]} g6 {[%emt 0:00:08]} 4. Nc3 {[%emt 0:00:09]} Bg7 {[%emt 0:00:10]} 5. Nf3 {[%emt 0:00:32]} e6 {[%emt 0:00:23]} 6. d4 {[%emt 0:00:32]} cxd4 {[%emt 0:05:00]} 7. Nb5 {[%emt 0:00:11]} d5 {[%emt 0:00:20]} 8. cxd5 {[%emt 0:00:40]} Qa5+ {[%emt 0:01:01]} 9. Nd2 {[%emt 0:00:50]} Qxb5 {[%emt 0:07:45]} 10. dxc6 {[%emt 0:01:26]} Ne7 {[%emt 0:02:57]} 11. a4 {[%emt 0:01:09]} Qb6 {[%emt 0:04:57]} 12. Nc4 {[%emt 0:01:51]} Qb4+ {[%emt 0:01:54]} 13. Bd2 {[%emt 0:00:14]} Qxc4 {[%emt 0:00:10]} 14. cxb7 {[%emt 0:00:20]} Bxb7 {[%emt 0:01:06]} 15. Bxb7 {[%emt 0:00:08]} Rb8 {[%emt 0:00:28]} 16. Rc1 {[%emt 0:01:26]} Qa2 {[%emt 0:01:35]} 17. Ba6 {[%emt 0:03:01]} O-O {[%emt 0:00:19]} 18. b4 {[%emt 0:02:18]} Qa3 {[%emt 0:00:09]} 19. O-O {[%emt 0:07:31]} Nd5 {[%emt 0:10:40]} 20. Ra1 {[%emt 0:07:11]} Qb2 {[%emt 0:01:05]} 21. Rb1 {[%emt 0:02:15]} Qa2 {[%emt 0:11:20]} 22. Bd3 {[%emt 0:10:59]} Nc3 {[%emt 0:16:00]} 23. Bxc3 {[%emt 0:01:33]} dxc3 {[%emt 0:00:21]} 24. Qb3 {[%emt 0:07:53]} Qxb3 {[%emt 0:04:22]} 25. Rxb3 {[%emt 0:03:12]} Rfc8 {[%emt 0:01:59]} 26. b5 {[%emt 0:08:29]} f5 {[%emt 0:01:18]} 27. Rc1 {[%emt 0:07:01]} Kf7 {[%emt 0:00:55]} 28. Kg2 {[%emt 0:01:14]} Ke7 {[%emt 0:00:25]} 29. h3 {[%emt 0:03:37]} Kd6 {[%emt 0:02:23]} 1/2-1/2

[Event "106th British-ch 2019"]
[Site "Torquay"]
[Date "2019.08.02"]
[Round "7.17"]
[White "Stoyanov, Viktor"]
[Black "Zapolskis, Antanas"]
[Result "1/2-1/2"]
[WhiteElo "2198"]
[BlackElo "2290"]
[Annotator "NA"]
[PlyCount "137"]
[EventDate "2019.07.27"]
[EventType "swiss"]
[EventCountry "GBR"]
[SourceTitle "playchess.com"]
[Source "ChessBase"]
[SourceQuality "1"]
[TimeControl "40/5400+30:1800+30"]

1. d4 {[%emt 0:00:00]} b5 {[%emt 0:00:00]} 2. e4 {[%emt 0:00:00]} a6 {[%emt 0:00:00]} 3. Bd3 {[%emt 0:00:00]} e6 {[%emt 0:00:01]} 4. Nf3 {[%emt 0:00:00]} c5 {[%emt 0:00:18]} 5. c3 {[%emt 0:00:02]} d6 {[%emt 0:01:00]} 6. O-O {[%emt 0:00:19]} Nf6 {[%emt 0:00:18]} 7. Re1 {[%emt 0:00:54]} Be7 {[%emt 0:00:25]} 8. a4 {[%emt 0:01:06]} cxd4 {[%emt 0:06:59]} 9. cxd4 {[%emt 0:01:35]} b4 {[%emt 0:05:08]} 10. a5 {[%emt 0:01:14]} O-O {[%emt 0:02:06]} 11. Nbd2 {[%emt 0:09:17]} Bb7 {[%emt 0:04:29]} 12. Nb3 {[%emt 0:09:40]} Nbd7 {[%emt 0:05:47]} 13. Bd2 {[%emt 0:07:06]} d5 {[%emt 0:13:37]} 14. e5 {[%emt 0:00:15]} Ne4 {[%emt 0:00:07]} 15. Be3 {[%emt 0:00:47]} f6 {[%emt 0:01:44]} 16. exf6 {[%emt 0:03:15]} gxf6 {[%emt 0:00:44]} 17. Rc1 {[%emt 0:22:03]} Kh8 {[%emt 0:00:48]} 18. Qc2 {[%emt 0:11:07]} Rc8 {[%emt 0:01:38]} 19. Qe2 {[%emt 0:00:11]} Nb8 {[%emt 0:01:09]} 20. Bf4 {[%emt 0:01:46]} Bd6 {[%emt 0:01:12]} 21. Rxc8 {[%emt 0:00:35]} Bxc8 {[%emt 0:00:30]} 22. Bxd6 {[%emt 0:01:00]} Nxd6 {[%emt 0:01:01]} 23. Rc1 {[%emt 0:06:01]} Re8 {[%emt 0:05:18]} 24. Qd2 {[%emt 0:01:24]} e5 {[%emt 0:01:10]} 25. dxe5 {[%emt 0:00:21]} fxe5 {[%emt 0:00:09]} 26. Bf1 {[%emt 0:02:08]} Nc4 {[%emt 0:05:59]} 27. Qxb4 {[%emt 0:03:45]} Nc6 {[%emt 0:00:28]} 28. Qc5 {[%emt 0:01:44]} Bb7 {[%emt 0:06:09]} 29. Bxc4 {[%emt 0:02:00]} dxc4 {[%emt 0:00:10]} 30. Qxc4 {[%emt 0:00:07]} Nxa5 {[%emt 0:00:18]} 31. Nxa5 {[%emt 0:00:08]} Bxf3 {[%emt 0:00:11]} 32. gxf3 {[%emt 0:04:26]} Qxa5 {[%emt 0:03:07]} 33. Qc6 {[%emt 0:04:09]} Qd8 {[%emt 0:00:39]} 34. Kh1 {[%emt 0:00:20]} Rg8 {[%emt 0:01:41]} 35. Rg1 {[%emt 0:00:11]} Rxg1+ {[%emt 0:00:30]} 36. Kxg1 {[%emt 0:00:30]} a5 {[%emt 0:00:37]} 37. Qc3 {[%emt 0:00:13]} Qd5 {[%emt 0:03:30]} 38. f4 {[%emt 0:01:42]} Qd1+ {[%emt 0:01:13]} 39. Kg2 {[%emt 0:00:04]} Qg4+ {[%emt 0:00:18]} 40. Qg3 {[%emt 0:00:06]} Qe2 {[%emt 0:00:29]} 41. fxe5 {[%emt 0:30:42]} Qxb2 {[%emt 0:30:09]} 42. Qf3 {[%emt 0:01:05]} Qb4 {[%emt 0:03:07]} 43. e6 {[%emt 0:01:45]} Qe7 {[%emt 0:00:30]} 44. Qa8+ {[%emt 0:00:30]} Kg7 {[%emt 0:00:30]} 45. Qxa5 {[%emt 0:00:30]} Qxe6 {[%emt 0:00:53]} 46. Qg5+ {[%emt 0:00:00]} Kf7 {[%emt 0:01:03]} 47. Kg3 {[%emt 0:00:17]} Qe1 {[%emt 0:00:14]} 48. Qf5+ {[%emt 0:00:11]} Kg7 {[%emt 0:00:15]} 49. Kg2 {[%emt 0:00:04]} Qa1 {[%emt 0:01:14]} 50. h4 {[%emt 0:00:11]} Qa8+ {[%emt 0:01:40]} 51. Kh3 {[%emt 0:01:06]} Qc6 {[%emt 0:01:51]} 52. Qe5+ {[%emt 0:01:32]} Kf7 {[%emt 0:00:49]} 53. Kg3 {[%emt 0:00:24]} Qh1 {[%emt 0:02:49]} 54. Qf5+ {[%emt 0:00:41]} Kg7 {[%emt 0:02:28]} 55. Qg4+ {[%emt 0:00:08]} Kh8 {[%emt 0:00:10]} 56. Qf3 {[%emt 0:00:15]} Qg1+ {[%emt 0:01:12]} 57. Kh3 {[%emt 0:00:10]} Qf1+ {[%emt 0:00:20]} 58. Kh2 {[%emt 0:00:05]} Kg7 {[%emt 0:01:12]} 59. Qg2+ {[%emt 0:00:10]} Qxg2+ {[%emt 0:00:08]} 60. Kxg2 {[%emt 0:00:03]} Kf6 {[%emt 0:00:10]} 61. Kh3 {[%emt 0:04:25]} h5 {[%emt 0:02:16]} 62. Kg2 {[%emt 0:00:06]} Ke5 {[%emt 0:00:49]} 63. Kg3 {[%emt 0:00:12]} Ke4 {[%emt 0:00:11]} 64. f4 {[%emt 0:00:09]} Kd5 {[%emt 0:01:17]} 65. Kf3 {[%emt 0:01:21]} Kd4 {[%emt 0:00:10]} 66. f5 {[%emt 0:00:28]} Ke5 {[%emt 0:00:07]} 67. f6 {[%emt 0:00:04]} Kxf6 {[%emt 0:00:09]} 68. Kf4 {[%emt 0:00:01]} Kg6 {[%emt 0:00:54]} 69. Ke5 {[%emt 0:00:07]} 1/2-1/2

[Event "106th British-ch 2019"]
[Site "Torquay"]
[Date "2019.08.02"]
[Round "7.18"]
[White "Brewer, Callum D"]
[Black "Merriman, John"]
[Result "1-0"]
[WhiteElo "2086"]
[BlackElo "2226"]
[Annotator "NA"]
[PlyCount "57"]
[EventDate "2019.07.27"]
[EventType "swiss"]
[EventCountry "GBR"]
[SourceTitle "playchess.com"]
[Source "ChessBase"]
[SourceQuality "1"]
[TimeControl "40/5400+30:1800+30"]

1. e4 {[%emt 0:00:00]} e6 {[%emt 0:00:00]} 2. d4 {[%emt 0:00:00]} d5 {[%emt 0:00:00]} 3. Nd2 {[%emt 0:00:00]} Be7 {[%emt 0:00:09]} 4. e5 {[%emt 0:00:00]} c5 {[%emt 0:00:11]} 5. c3 {[%emt 0:00:00]} Nc6 {[%emt 0:00:06]} 6. Ndf3 {[%emt 0:00:16]} cxd4 {[%emt 0:14:31]} 7. cxd4 {[%emt 0:00:22]} Bb4+ {[%emt 0:04:46]} 8. Bd2 {[%emt 0:01:48]} Bxd2+ {[%emt 0:00:37]} 9. Qxd2 {[%emt 0:00:08]} Bd7 {[%emt 0:01:41]} 10. Bd3 {[%emt 0:03:06]} Nge7 {[%emt 0:01:29]} 11. Ne2 {[%emt 0:00:39]} O-O {[%emt 0:01:42]} 12. Ng5 {[%emt 0:10:09]} h6 {[%emt 0:19:43]} 13. Nh7 {[%emt 0:05:45]} Re8 {[%emt 0:00:56]} 14. Nf6+ {[%emt 0:01:26]} gxf6 {[%emt 0:01:59]} 15. Qxh6 {[%emt 0:00:26]} Nf5 {[%emt 0:04:49]} 16. Bxf5 {[%emt 0:01:27]} exf5 {[%emt 0:00:14]} 17. exf6 {[%emt 0:21:31]} Rxe2+ {[%emt 0:00:12]} 18. Kxe2 {[%emt 0:00:17]} Nxd4+ {[%emt 0:07:41]} 19. Kd1 {[%emt 0:01:43]} Ne6 {[%emt 0:04:17]} 20. Re1 {[%emt 0:00:51]} Qf8 {[%emt 0:03:01]} 21. Qh4 {[%emt 0:04:57]} d4 {[%emt 0:16:26]} 22. Re5 {[%emt 0:10:21]} Rc8 {[%emt 0:05:08]} 23. Rxf5 {[%emt 0:20:53]} Ba4+ {[%emt 0:03:10]} 24. b3 {[%emt 0:01:28]} Qb4 {[%emt 0:04:17]} 25. Qg3+ {[%emt 0:06:32]} Kf8 {[%emt 0:00:07]} 26. Rh5 {[%emt 0:00:27]} Ke8 {[%emt 0:00:14]} 27. Rh8+ {[%emt 0:01:19]} Nf8 {[%emt 0:01:39]} 28. Qe5+ {[%emt 0:00:33]} Kd7 {[%emt 0:00:19]} 29. Qd5+ {[%emt 0:03:26]} 1-0

[Event "106th British-ch 2019"]
[Site "Torquay"]
[Date "2019.08.02"]
[Round "7.19"]
[White "Ogunshola, Olugbemiga (Ben)"]
[Black "Modi, Shyam Jagdish"]
[Result "1-0"]
[WhiteElo "2172"]
[BlackElo "2098"]
[Annotator "NA"]
[PlyCount "85"]
[EventDate "2019.07.27"]
[EventType "swiss"]
[EventCountry "GBR"]
[SourceTitle "playchess.com"]
[Source "ChessBase"]
[SourceQuality "1"]
[TimeControl "40/5400+30:1800+30"]

1. c4 {[%emt 0:42:05]} g6 {[%emt 0:00:10]} 2. g3 {[%emt 0:00:17]} Bg7 {[%emt 0:00:15]} 3. Bg2 {[%emt 0:00:02]} Nf6 {[%emt 0:00:14]} 4. Nf3 {[%emt 0:00:04]} O-O {[%emt 0:00:19]} 5. Nc3 {[%emt 0:00:03]} d6 {[%emt 0:00:12]} 6. O-O {[%emt 0:00:06]} e5 {[%emt 0:00:27]} 7. d3 {[%emt 0:00:13]} h6 {[%emt 0:01:07]} 8. Rb1 {[%emt 0:01:41]} a5 {[%emt 0:00:12]} 9. a3 {[%emt 0:04:25]} Re8 {[%emt 0:02:00]} 10. e4 {[%emt 0:04:35]} Nc6 {[%emt 0:17:29]} 11. Nd5 {[%emt 0:05:56]} Be6 {[%emt 0:17:09]} 12. Bd2 {[%emt 0:04:58]} Kh7 {[%emt 0:04:17]} 13. Nh4 Nd4 {[%emt 0:17:23]} 14. Ne3 c6 {[%emt 0:18:12]} 15. f3 d5 {[%emt 0:07:44]} 16. cxd5 cxd5 {[%emt 0:05:31]} 17. Qe1 dxe4 {[%emt 0:05:06]} 18. dxe4 a4 {[%emt 0:12:52]} 19. Kh1 Rc8 {[%emt 0:01:00]} 20. Bc3 Qb6 {[%emt 0:06:21]} 21. f4 {[%emt 0:02:36]} exf4 {[%emt 0:00:16]} 22. gxf4 {[%emt 0:00:37]} Bc4 {[%emt 0:01:34]} 23. Nxc4 {[%emt 0:03:46]} Rxc4 {[%emt 0:00:03]} 24. e5 {[%emt 0:06:31]} Nf5 {[%emt 0:03:28]} 25. Nxf5 {[%emt 0:12:43]} gxf5 {[%emt 0:00:03]} 26. Qe2 {[%emt 0:00:32]} Rc7 {[%emt 0:01:45]} 27. Qc2 {[%emt 0:00:55]} Ng4 {[%emt 0:02:49]} 28. Qxf5+ {[%emt 0:01:26]} Qg6 {[%emt 0:00:02]} 29. Qxg6+ {[%emt 0:01:00]} fxg6 {[%emt 0:00:15]} 30. Rbe1 {[%emt 0:00:28]} h5 {[%emt 0:00:47]} 31. Bh3 Nh6 {[%emt 0:02:01]} 32. Re4 b5 {[%emt 0:01:37]} 33. Rd1 Nf5 {[%emt 0:02:29]} 34. Bxf5 {[%emt 0:00:29]} gxf5 {[%emt 0:00:02]} 35. Red4 {[%emt 0:00:33]} Ree7 {[%emt 0:02:36]} 36. Kg2 {[%emt 0:00:37]} Bh6 {[%emt 0:00:47]} 37. Kf3 {[%emt 0:00:03]} Kg6 {[%emt 0:01:06]} 38. Rd6+ {[%emt 0:01:36]} Kh7 {[%emt 0:00:24]} 39. Rf6 {[%emt 0:01:29]} Rf7 {[%emt 0:01:00]} 40. Rxf7+ {[%emt 0:04:08]} Rxf7 {[%emt 0:00:08]} 41. e6 {[%emt 0:01:07]} Re7 {[%emt 0:00:15]} 42. Rd7 {[%emt 0:02:31]} Bf8 {[%emt 0:00:38]} 43. Bb4 {[%emt 0:00:33]} 1-0